01398nam a22003017a 4500003000400000005001700004008004100021040001100062082001400073100003400087245001400121260012900135300002300264490002600287505020600313505010500519505003200624505003100656505003300687505002200720650004500742650004400787650005500831650004400886942002500930999001500955952012600970OSt20230516103520.0230516b |||||||| |||| 00| 0 eng d cLado V 2708aK82f 9826aKontova, Helenaeeditora aFlashArt/ aAustraliaaAustriaaBelgicaaCanadaaFranciaaAlemaniaaGran BretañaaHolandaaItaliaaEspañaaIrlandabGEA POLITIc2002 a112p.c20.5x27.5cm a223vXXXIVx0394-1493 aFlash Art NewstParis Now Hugo Boss Prize Matthew Barney At the Galleries Spring Book Report Manifesta IV Preliminary List Theory Aperto las Vegas Cityscape Manila Group Shows New York Cut Up aFeaturestPawel Althamer Peter Davis Christian Jankowski Rona Pondick Roni Horn Focus Hong Kong aGlobal ArtrTrisha Donnelly aOuverturesrJonas Dahlberg aSpotlightstUnpacking Europe aFlash Art Reviews 2Tesauro de Arte & ArquitecturaaCATALOGO 2Tesauro de Arte & ArquitecturaaREVISTA 2Tesauro de Arte & ArquitecturaaARTE INTERNACIONAL 2Tesauro de Arte & ArquitecturaaCRITICA 2ddcc1h708iK82fn0 c3565d3565 00102ddc3200240708RevistasaLVbLVd2023-05-16h223i002990l0o708 K82fp002990r2023-05-16 00:00:00w2023-05-16y1